01714nam0a2200385 450000100060000000300300000600500170003601000180005303500220007107300180009310000410011110100080015210200070016010500180016718100250018518100200021018200210023018200110025118300270026220000260028921400280031521400380034321500240038121500100040522500290041532300180044433006120046241000140107441000400108860800930112861000290122170000290125070000190127980100300129814071http://www.sudoc.fr/29370591720260410152826.0 a9782807104501 a(OCoLC)1573019883 0a9782807104501 a20260213d2025 k y0frey50 ba0 afre aBE ay ||||100by 6z01ctxt2rdacontent 16z01ai#bxxxe## 6z01cn2rdamedia 16z01an 16z01anga2RDAfrCarrier1 aCette peau làbLIVR 0cLansman éditeurd2025 0aCarnières-Morlanwelz (Belgique) a1 volume (42 pages) d21 cm2 aThéâtre à vifv548 a6 personnages aSur la table d'opération, tout revient à Zélie. L'été, le bruit des vagues, le goût de la mer. L'adolescence aussi, ces jours brûlants où elle a choisi son prénom et décidé de partir de chez ses parents pour entamer sa transition. Aujourd'hui, elle recolle les morceaux, d'elle hier et d'elle maintenant, d'elle réelle et d'elle potentielle, d'elle pour les autres et des autres en elle. Elle navigue parmi les fantômes et, pour ne pas être engloutie par les flots en furie, elle s'accroche à ce qu'elle a de plus clair, de plus certain, de plus palpable : son propre corps.  0013851098 tThéâtre à Vifx0777-6756v548 3027814157aThéâtre (genre littéraire) français3050665391zXXIe siècle2rameau aTransidentitéalgbtqia 1aFerronbPommef1995-.... 132929966084070 3aFRbAbesc20260213gAFNOR